<?xml version="1.0" encoding="UTF-8"?>
<record
    xmlns:xsi="http://www.w3.org/2001/XMLSchema-instance"
    xsi:schemaLocation="http://www.loc.gov/MARC21/slim http://www.loc.gov/standards/marcxml/schema/MARC21slim.xsd"
    xmlns="http://www.loc.gov/MARC21/slim">

  <leader>01252nam a22002417a 4500</leader>
  <controlfield tag="003">OSt</controlfield>
  <controlfield tag="005">20220531084006.0</controlfield>
  <controlfield tag="007">ta</controlfield>
  <controlfield tag="008">201113b        dr ||||fr|||| 001 0 spa d</controlfield>
  <datafield tag="040" ind1=" " ind2=" ">
    <subfield code="a">DO-SdBNP</subfield>
    <subfield code="b">spa</subfield>
    <subfield code="c">BNPHU</subfield>
  </datafield>
  <datafield tag="041" ind1=" " ind2=" ">
    <subfield code="h">spa</subfield>
  </datafield>
  <datafield tag="082" ind1=" " ind2=" ">
    <subfield code="a">xxxx</subfield>
    <subfield code="b">C669co </subfield>
  </datafield>
  <datafield tag="240" ind1=" " ind2=" ">
    <subfield code="a">[Leyes.]</subfield>
  </datafield>
  <datafield tag="245" ind1="1" ind2="0">
    <subfield code="a">C&#xF3;digo civil de la Rep&#xFA;blica dominicana :</subfield>
    <subfield code="b">leyes que lo modifican y lo completan /</subfield>
    <subfield code="c">Plinio Terrero Pe&#xF1;a, ed.</subfield>
  </datafield>
  <datafield tag="260" ind1=" " ind2=" ">
    <subfield code="a">Santo Domingo :</subfield>
    <subfield code="b">Am&#xE9;rica , 3ra. ed.</subfield>
    <subfield code="c">[s,f]</subfield>
  </datafield>
  <datafield tag="300" ind1=" " ind2=" ">
    <subfield code="a">518 pg. ;</subfield>
    <subfield code="c">20 cm.</subfield>
  </datafield>
  <datafield tag="500" ind1=" " ind2=" ">
    <subfield code="a">Incluye &#xED;ndice de ap&#xE9;ndice</subfield>
  </datafield>
  <datafield tag="501" ind1=" " ind2=" ">
    <subfield code="a">Incluye art&#xED;culos del c&#xF3;digo civil que han sido suprimidos.</subfield>
  </datafield>
  <datafield tag="505" ind1="1" ind2="0">
    <subfield code="a">- Libro primero :</subfield>
    <subfield code="t">De las personas : t&#xED;tulo I : Del goce y privaci&#xF3;n o p&#xE9;rdida de los derechos civiles.- t&#xED;tulo II : del acto de los actos del estado civil. t&#xED;tulo III : del domicilio. t&#xED;tulo IV: de los ausentes. t&#xED;tulo V : del matrimonio. t&#xED;tulo VII : de la paternidad y de la filiaci&#xF3;n. t&#xED;tulo VIII : de la adopci&#xF3;n. t&#xED;tulo IX : de la patria potestad. t&#xED;tulo X: de la menor edad, de la tutela y de la emancipaci&#xF3;n. t&#xED;tulo XI : de la mayor edad, de la interdicci&#xF3;n, y del consultor judicial.-</subfield>
  </datafield>
  <datafield tag="700" ind1=" " ind2=" ">
    <subfield code="a">Terrero Pe&#xF1;a , Plinio.</subfield>
    <subfield code="e">ed.</subfield>
    <subfield code="9">35380</subfield>
  </datafield>
  <datafield tag="740" ind1="1" ind2=" ">
    <subfield code="a">Leyes.</subfield>
  </datafield>
  <datafield tag="942" ind1=" " ind2=" ">
    <subfield code="2">ddc</subfield>
    <subfield code="c">LBS1</subfield>
  </datafield>
  <datafield tag="952" ind1=" " ind2=" ">
    <subfield code="0">0</subfield>
    <subfield code="1">0</subfield>
    <subfield code="2">ddc</subfield>
    <subfield code="7">0</subfield>
    <subfield code="8">PD</subfield>
    <subfield code="a">PD</subfield>
    <subfield code="b">PD</subfield>
    <subfield code="c">HD</subfield>
    <subfield code="d">2013-11-13</subfield>
    <subfield code="e">Donado por familia Reyes _Duluc</subfield>
    <subfield code="i">LF1</subfield>
    <subfield code="l">0</subfield>
    <subfield code="o">xxxx C669co </subfield>
    <subfield code="p">49132</subfield>
    <subfield code="r">2020-11-13</subfield>
    <subfield code="w">2020-11-13</subfield>
    <subfield code="y">LFPD</subfield>
  </datafield>
  <datafield tag="999" ind1=" " ind2=" ">
    <subfield code="c">49132</subfield>
    <subfield code="d">49132</subfield>
  </datafield>
</record>
